Statistics for 1980s Movies #2

Click here to take the quiz!

General Stats

  • This quiz has been taken 143 times
  • The average score is 4 of 10

Answer Stats

HintAnswer% Correct
Harrison Ford has to live with the Amish in order to investigate a murder case.Witness
80%
"Rambo" meets "Alien", starring the "Terminator".Predator
69%
Is it the overwhelming ghosts of a hotel (as depicted in the original book) or human spirit (as in this movie) that causes evil?The Shining
59%
"There can be ..." - well, they never should've made a sequel for that movie.Highlander
43%
John Boorman's version of King Arthur's and Merlin's tale.Excalibur
34%
An unusually subtle work by John Carpenter about an alien that occupies a dead man's body and goes on a journey with the deceased's widow.Starman
24%
Vietnam War film by Brian De Palma about a young soldier who doesn't fit into his squad due to moral concerns against kidnapping and raping a local girl.Casualties of War
20%
"In a hotel room in Paris, a doctor comes out of the shower and finds that his wife has disappeared." (imdb quote)Frantic
18%
"Uh, try and be nice to people, avoid eating fat, read a good book every now and then, get some walking in, and try and live together in peace and harmony with people of all creeds and nations. And, finally, here are some completely gratuitous pictures of penises to annoy the censors and to hopefully spark some sort of controversy [...]"Monty Python's Meaning of Life
10%
Colored movie about the inventor of hardboiled crime fiction and author of "The Thin Man" and "The Maltese Falcon", presenting his own (fictional) actions as a detective.Hammett
3%

Score Distribution

Percentile by Number Answered

Percent of People with Each Score

Your Score History

You have not taken this quiz